000 00288nam a22001337a 4500
008 170919b xxu||||| |||| 00| 0 eng d
020 _a9780156002257
041 _aeng
080 _a7
100 _a44
101 _aART
245 _aVOICES IN THE DESERT
_cCHEEK, L.W
942 _2udc
_cBK
999 _c28214
_d28214